000 00398nam a2200133Ia 4500
003 GCL
008 140319s9999 xx 000 0 ara d
040 _aGCL /
_cGCL
082 0 4 _a910.01
_bم ا
100 1 _aمحمود محمد سيف
245 1 0 _aاسس البحث الجغرافى /
_cمحمود محمد سيف
300 _a200 ص
490 _aالهيئة العامة للاستعلامات
_v0
999 _c49305
_d49305